Statistics for 100% Real People Names

Click here to take the quiz!

General Stats

  • This quiz has been taken 4 times
  • The average score is 11 of 16

Answer Stats

Last NameFirst name% Correct
CurryDell
100%
DurantKevin
100%
JamesLebron
100%
BolManute
100%
CurrySeth
100%
CurryStephen
100%
MingYao
100%
LeverFat
67%
ShammgodGod
67%
World PeaceMetta
67%
FloydSleepy
67%
B.FreeWorld
67%
UdohEkpe
33%
ChristmasHasheed
33%
LongarLongar
33%
AchiuwaGods
0%

Score Distribution

Percentile by Number Answered

Percent of People with Each Score

Your Score History

You have not taken this quiz